Una mayordomía integral : (Registro nro. 51781)
[ vista simple ]
| 000 -LÍDER | |
|---|---|
| Campo fijo de descripción fija | 00905aab a2200181 i 4500 |
| 001 - NÚMERO DE CONTROL | |
| Campo de control | 768714001 |
| 003 - IDENTIFICADOR DEL NÚMERO DE CONTROL | |
| Campo de control | CO-MdFUSB |
| 005 - FECHA Y HORA DE LA ULTIMA TRANSACCIÓN | |
| control field | 20240327160822.0 |
| 008 - ELEMENTOS DE LONGITUD FIJA -- INFORMACIÓN GENERAL | |
| Campo fijo de descripción fija -- Información general | 240327t1988 ag ||||| |||| 00| 0 spa d |
| 040 ## - FUENTE DE CATALOGACIÓN | |
| Idioma de catalogación | spa |
| Agencia que realiza la transcripción | CO-MdFUSB |
| 041 ## - CÓDIGO DE IDIOMA | |
| Código de idioma para texto/pista de sonido o título separado | spa |
| 245 14 - TÍTULO | |
| Título | Una mayordomía integral : |
| Subtitulo | declaración a la Iglesia cristiana en América Latina |
| 300 ## - DESCRIPCIÓN FÍSICA | |
| Extensión | Volumen 7, número 4 (diciembre, 1988), páginas: 19 - 20 |
| Dimensiones | ; 27 cm |
| 520 ## - NOTA DE RESUMEN, ETC. | |
| Nota de sumario, etc. | En el Primer taller Latinoamericano sobre Desarrollo Rural y medio ambiente que fue celebrado en San José de Costa Rica, del 8 al 15 de julio de 1988, se elaboró una declaración sobre el cuidado y mayordomía del medio ambiente creado por Dios. Aspectos que la iglesia cristiana debe tener en cuenta.<br/> |
| 653 ## - TÉRMINO DE INDIZACIÓN - NO CONTROLADO | |
| Término no controlado | Mayordomia |
| 773 0# - ASIENTO DE ITEM FUENTE | |
| Título | Iglesia y Misión |
| Biblionumber | 49402 |
| Itemnumber | 59672 |
| Parte(s) relacionada(s) / Volumen., número. (mes año), páginas | Volumen 7, número 4 (diciembre, 1988), páginas: 19 - 20 |
| Enumeración y primera página | páginas: 19 |
| 942 ## - TIPO DE MATERIAL (KOHA) | |
| Tipo de Item KOHA | Artículos de Revista |
No hay ítems disponibles.
